Mining royalties <a> global study of their impact on investors, government, and civil society

Na minha lista:
Detalhes bibliográficos
Autor principal: Otto, James
Formato: Livro
Idioma:inglês
Publicado em: Washington, D.C. <The> World Bank 2006
Colecção:Directions in development
Assuntos:
Tags: Adicionar Tag
Sem tags, seja o primeiro a adicionar uma tag!

MARC

LEADER 00000nam$a2200000$$$4500
001 0048316
005 20240318114528.1
041 0 |a eng 
044 |a US 
245 1 0 |a Mining royalties  |b <a> global study of their impact on investors, government, and civil society  |c James Otto ... [et al.] 
264 1 |a Washington, D.C.  |b <The> World Bank  |c 2006 
300 |a CD-ROM 
490 1 |a Directions in development 
830 0 |a Directions in development 
500 |a CD-ROM nie je samospúšťací, súbory dát sú v pdf formáte Adobe Acrobat Reader 5.0. 
610 2 0 |a baníctvo 
610 2 0 |a ťažba nerastov 
610 2 0 |a dane 
610 2 0 |a poplatky 
610 2 0 |a analýzy 
610 2 0 |a modely 
610 2 0 |a diskusia 
610 2 0 |a investori 
610 2 0 |a spoločnosť občianska 
610 2 0 |a trh 
610 2 0 |a príjmy 
610 2 0 |a politika daňová 
610 2 0 |a štúdie 
100 1 |a Otto, James